Crisis y amenaza nuclear / (Record no. 94017)

MARC details
000 -LEADER
campo de control de longitud fija 00611nam a2200205 i 4500
001 - NÚMERO DE CONTROL
campo de control 94017
003 - IDENTIFICADOR DE NÚMERO DE CONTROL
campo de control ES-MaACL
005 - FECHA Y HORA DE LA ÚLTIMA TRANSACCIÓN
campo de control 20230906181350.0
007 - CAMPO FIJO DE DESCRIPCIÓN FÍSICA--INFORMACIÓN GENERAL
campo de control de longitud fija t|
008 - DATOS DE LONGITUD FIJA--INFORMACIÓN GENERAL
campo de control de longitud fija 050427s1982 sp ||||1| spa d
020 ## - NÚMERO INTERNACIONAL ESTÁNDAR DEL LIBRO
Número Internacional Estándar del Libro 84-320-7311-3
100 1# - ENTRADA PRINCIPAL--NOMBRE DE PERSONA
Nombre de persona López de Sepúlveda y Tomás, Francisco.
9 (RLIN) 73591
245 10 - MENCIÓN DEL TÍTULO
Título Crisis y amenaza nuclear /
Mención de responsabilidad, etc. Francisco López de Sepúlveda.
250 ## - MENCION DE EDICION
Mención de edición [1ª ed.].
260 ## - PUBLICACIÓN, DISTRIBUCIÓN, ETC.
Lugar de publicación, distribución, etc. Barcelona :
Nombre del editor, distribuidor, etc. Planeta,
Fecha de publicación, distribución, etc. 1982.
300 ## - DESCRIPCIÓN FÍSICA
Extensión 236 p. ;
Dimensiones 24 cm.
650 #4 - PUNTO DE ACCESO ADICIONAL DE MATERIA--TÉRMINO DE MATERIA
Término de materia o nombre geográfico como elemento de entrada Guerra nuclear.
9 (RLIN) 152826
650 #4 - PUNTO DE ACCESO ADICIONAL DE MATERIA--TÉRMINO DE MATERIA
Término de materia o nombre geográfico como elemento de entrada Política mundial-
Subdivisión cronológica 1945-1989.
9 (RLIN) 143375
852 ## - LOCALIZACIÓN
Ubicación ES-MaACL
Número de control de estantería L-11600
Sublocalización o colección R.113159
Holdings
Estatus retirado Estado de pérdida Estado de daño No para préstamo Biblioteca de origen Biblioteca actual Ubicación en estantería Fecha de adquisición Fuente de adquisición Total de préstamos Signatura topográfica completa Código de barras Visto por última vez Precio de reemplazo Tipo de ítem Koha
        Biblioteca del Ateneo de Madrid Biblioteca del Ateneo de Madrid Depósito 2 17/01/2008     L-11600 1098186 23/02/2023 23/02/2023 Libro impreso